000
00305pam a2200133 a 4500
020
_c
041
_h
082
_a
708
_b
UPA
100
_a
Anushuman Das Gupta .
245
_a
Hema Upadhyay
_h
Textual Documents
260
_a
[s.l]:
_b
Vadhera Art Gallery,
_c
2007.
300
_a
65:
_b
paper.
930
_a
7083
999
_c
240873
_d
240873